000 00287nam a2200121 i 4500
001 bg
245 0 _aMikroelektroniczne elementy i układy cyfrowe LOGISTER.
260 _aWarszawa,
_c1975.
040 _cBPK
041 _apol
942 _cKS
008 s pl f |000 0 pol
999 _c16571
_d16571
856 _uhttp://koha.tu.koszalin.pl/cgi-bin/koha/opac-detail.pl?biblionumber=16571
_yKatalog online BPK